Fiscal Policy and Social Welfare <An> Analysis of Alternative Tax and Transfer Systems

Gespeichert in:
Bibliographische Detailangaben
1. Verfasser: Creedy, John
Format: Buch
Sprache:Englisch
Veröffentlicht: Cheltenham Edward Elgar Publ. 1996
Ausgabe:1. ed.
Schlagworte:
Tags: Tag hinzufügen
Keine Tags, Fügen Sie das erste Tag hinzu!

MARC

LEADER 00000nam a2200000 4500
001 c014991
005 20221205125215.6
020 |a 1-85898-246-4 
041 0 |a eng 
044 |a GB 
245 1 0 |a Fiscal Policy and Social Welfare  |b <An> Analysis of Alternative Tax and Transfer Systems  |c John Creedy 
250 |a 1. ed. 
264 1 |a Cheltenham  |b Edward Elgar Publ.  |c 1996 
300 |a 260 s. 
610 2 0 |a zabezpečenie sociálne 
610 2 0 |a politika fiškálna 
610 2 0 |a politika sociálna 
610 2 0 |a dane 
610 2 0 |a modely matematické 
100 1 |a Creedy, John